000 01824cam a22004574i 4500
003 PE-LiUPU
005 20250731172824.0
008 150617s1988 ilu r 000 0 eng d
020 _a0944496024
035 _a(Sirsi) i9780944496022
040 _aPE-LiUPU
_bspa
_cPE-LiUPU
_erda
049 _aPRUA
082 0 4 _a261.709
_bP68
_221
100 1 _aPluribus Press, Inc,
_eautor.
245 1 0 _aBorn to Raise /
_cInc Pluribus Press.
264 1 _aChicago :
_bPluribus Press,Inc.,
_c1988.
300 _a228 páginas ;
_c22 centímetros
336 _atext
_2rdacontent
337 _aunmediated
_2rdamedia
338 _avolume
_2rdacarrier
505 0 _aGreat expectations -- Grow or go -- Soft iron into magic -- Can do -- Between the 40-yeard lines -- Making great things happen -- Running fast just to stand in place -- Soldier of change -- The Eureka factor -- You start with integrity -- Vision alone gives us only a visionary -- Playing a poor hand well -- The verities -- The end of the beginning -- One final note.
526 _aSEG42
526 _aSEG41
526 _aSEG40
526 _aSEG39
526 _aP94
526 _aP87
526 _aP86
526 _aP85
526 _aP77
526 _aP76
526 _aP35
650 0 4 _aRecaudación de fondos (Origen)
_xFundaciones Beneficias - Historia.
910 _ajck
_bjvq
_cjck
_d20150616
942 _2ddc
_cBOOK
949 _a261.709 P68
_wDEWEY
_c1
_i35026
_lCCODEBUL1
_mBUL
_r0
_sY
_tBOOK
_u2015-6-17
_xTEOLOGIA
_PP35
_0COMPRA
_o.STAFF. Colección Teología
994 _aC0
_bPEPRU
596 _a1
999 _a261.709 P68
_wDEWEY
_c5574
_i35026
_f2021-11-10
_g5
_lCCODEBUL1
_mBUL
_p32.00
_r0
_sY
_tBOOK
_u2015-6-17
_xTEOLOGIA
_PP35
_0COMPRA
_o.STAFF. Colección Teología
_d5574
980 _81
_gALBERTO SANCHEZ Responsable de Automatización